| 000 | 01130nas a2200337 4500 | ||
|---|---|---|---|
| 001 | BR2011003976 | ||
| 003 | BR-BrBNA | ||
| 005 | 20231205115513.0 | ||
| 007 | ta | ||
| 008 | 230509b bl.|||p| |||| 00| 00por d | ||
| 040 |
_aBR-BrBNA _bpor _cBiblioteca Nacional de Agricultura |
||
| 041 | _a(Pt) | ||
| 072 | _aL73 | ||
| 100 | 1 | _aBelmonte, C. | |
| 100 | 1 | _aFernandes, F. | |
| 100 | 1 | _aGaspary, J. | |
| 100 | 1 | _aGama, J. | |
| 100 | 1 | _aDotto, F. | |
| 100 | 1 | _aGallio, M. | |
| 100 | 1 | _aOtto, M.A. | |
| 100 | 1 | _aMonteiro, S.G. | |
| 245 | 1 | _aAntiparasitários no controle de helmintoses em cavalos mantidos em campo nativo na região central do Rio Grande do Sul, Brasil | |
| 246 | 1 | _aAntiparasitic compounds in the control of helmints from equines kept in native pasture in the central region of Rio Grande do Sul state, Brazil | |
| 650 | _aCAVALO | ||
| 650 | _aPARASITO DE ANIMAL | ||
| 650 | _aVERMINOSE | ||
| 650 | _aMEDICAMENTO | ||
| 773 | 0 |
_tVeterinária em Foco (Brazil) _xISSN 1679-5237 _g(Jul-Dec 2009), v. 7(1) p. 46-51 _wBR2011003976 |
|
| 909 |
_a202311 _bLúcia _c55 _dLúcia Elande |
||
| 942 |
_2AGRIS _n0 _cANA |
||
| 999 |
_c214142 _d214142 |
||